Iris - the goo goo dolls lyrics - Statistics

General Stats
  • This quiz has been taken 2,066 times
  • The average score is 190 of 214
Answer Stats
Answer % Correct
I
100%
i
100%
to
99%
you
99%
And
98%
and
98%
me
97%
the
97%
When
97%
don`t
96%
know
96%
that
96%
want
96%
who
96%
be
95%
`Cause
95%
ever
94%
see
94%
world
93%
just
92%
your
92%
am
91%
understand
91%
everything
90%
feel
90%
give
90%
think
90%
up
90%
forever
88%
touch
88%
You`re
86%
you`re
86%
broken
85%
I`d
85%
I`ll
84%
they`d
84%
closest
83%
heaven
83%
now
83%
right
82%
go
80%
is
80%
somehow
79%
can
78%
all
77%
everything`s
77%
everythings
77%
home
77%
miss
74%
wanna
74%
alive
71%
like
70%
moment
70%
this
70%
feels
67%
movies
66%
or
65%
Or
65%
it`s
64%
made
64%
tonight
64%
bleed
63%
later
63%
sooner
63%
taste
62%
life
61%
Yeah
61%
over
59%
can`t
57%
breathe
56%
in
54%
tears
53%
fight
51%
ain`t
50%
coming
50%
truth
47%
of
43%
lies
37%
No matching quizzes found
Score Distribution
Percent of People with Each Score
Percentile by Number Answered
Your Score History
You have not taken this quiz